1990 1228 1492 1310 1291 1150 1826 1831 1366 1698 1240 1385 1957 1428 1403 1083 1672 1085 1388 1532 1504 1273 1228 1590 1958 1219 1299 1551 1971 1280 1272 1767 1675 1106 1247 1744 1321 1080 1121 1143 1959 1276 1967 1513 1807 1311 1157 1021 1930 1896 1767 1929 1656 1638 1680 1856 1143 1897 1961 1047 1202 1845 1437 1191 1994 1544 1726 1850 1481 1160 1268 1800 1148 1521 1105 1876 1929 1667 1586 1732 1945 1341 1748 1053 1677 1390 1229 1356 1887 1487 1447 1299 1083 1740 1824 1249 1747 1440 1780 BCNSPRNW ULIB Ver.6.0+V

เปลี่ยนเป็นภาษาไทย

Change to English
 แสดงรายละเอียดบรรณานุกรม
  กลับหน้าหลัก

Brief Record : Get Marc (ISO 2709) : E-mail record : QR code < ปิดหน้าต่าง
LEADER : 00000nam 2200000uu 4500
001    13399111450
003     ULIB
008    110627s||||||||th 000 0 tha d
020    9786165001304
090    นว.^bร147ค 2554
100 0  ร่มแก้ว
245 00 คุณชายปวรรุจ/^cร่มแก้ว
250    พิมพ์ครั้งที่ 4
260    กรุงเทพฯ :^bพิมพ์คำ,^c2554
300    328 หน้า
490 0  นวนิยายชุด สุภาพบุรุษจุฑาเทพ
945    ^p220^l0^i030169
995    ทศพร
999 ^a ใช้งานได้ทุกระบบ
รายการนี้ยังไม่มีแท็ก
คุณยังไม่ได้ล็อกอิน คุณสามารถมีกิจกรรมร่วมกับเว็บไซต์ได้ แต่ต้องล็อกอินก่อน ::
  ล็อกอิน

รายการสื่อสารสนเทศ

ลำดับที่ ประเภท เลขเรียก/บาร์โค้ด สถานที่ สถานะ
1. นวนิยาย
นวนิยาย
นว. ร147ค 2554 ฉ.1 
  Barcode: 030169
ห้องสมุดวิทยาเขตสวรรค์ประชารักษ์
►นวนิยาย
บนชั้น
  ขอยืม

รายการใกล้เคียง
    ผู้แต่ง [ร่มแก้ว]

BibComment


ยังไม่เคยถูกคอมเมนท์

คอมเมนท์ทรัพยากรรายการนี้
  คอมเมนท์: คุณชายปวรรุจ ร่มแ..


 Copyright 2026. Bcnsprnw @Library